000 00555nam a22002297a 4500
003 UA-OsUOA
001 30254
007 ta
008 20041108b un ||||| |||| 00| 0 ukr d
090 _a91
_bК90
942 _cBK
040 _aUA-OsUOA
_brus
_cUA-OsUOA
_dUA-OsUOA
245 _aКультура Эквадора
_cРед. В. А.Кузьмищев
300 _a280 с.
_bІлюстрації
955 _a0
041 _arus
080 _a91
260 _aМосква
_bНаука
_c1985
044 _aRU
650 7 _2UDC
999 _c316662
_d316662